[Event "1. Bl. 0607"]
[Site "?"]
[Date "2007.01.20"]
[Round "6.3"]
[White "Schwaninger, Wolfgang"]
[Black "Horvath, Jozsef"]
[Result "0-1"]
[WhiteElo "2210"]
[BlackElo "2539"]
[PlyCount "58"]
[EventDate "2006.11.03"]
[EventType "team"]
[EventRounds "11"]
[EventCountry "AUT"]
[WhiteTeam "SV Tschaturanga Neubau"]
[BlackTeam "SC Die Klagenfurter"]

1. d4 Nf6 2. c4 g6 3. Nc3 Bg7 4. Nf3 d6 5. g3 O-O 6. Bg2 Nbd7 7. O-O e5 8. e3
Re8 9. b4 c6 10. Qb3 Nb6 11. Rd1 Be6 12. dxe5 Bxc4 13. Qc2 Nfd5 14. Nxd5 cxd5
15. a4 dxe5 16. e4 Rc8 17. a5 Nd7 18. exd5 e4 19. Nd4 Bd3 20. Qb2 Rc2 21. Qxc2
Bxc2 22. Nxc2 Bxa1 23. Nxa1 Qf6 24. Be3 Qc3 25. Bxa7 Qxb4 26. Bb6 Qa4 27. Rb1
Nxb6 28. axb6 e3 29. fxe3 Rxe3 0-1

[Event "1. Bl. 0607"]
[Site "?"]
[Date "2007.01.20"]
[Round "6.4"]
[White "Pilaj, Herwig"]
[Black "Kreindl, Helmut"]
[Result "1-0"]
[WhiteElo "2373"]
[BlackElo "2205"]
[PlyCount "53"]
[EventDate "2006.11.03"]
[EventType "team"]
[EventRounds "11"]
[EventCountry "AUT"]
[WhiteTeam "SC Die Klagenfurter"]
[BlackTeam "SV Tschaturanga Neubau"]

1. d4 d5 2. c4 e6 3. Nc3 Nf6 4. Bg5 Be7 5. cxd5 exd5 6. e3 c6 7. Qc2 Nbd7 8.
Bd3 Nh5 9. Bxe7 Qxe7 10. O-O-O Nb6 11. h3 g6 12. Nf3 Be6 13. Kb1 O-O-O 14. Na4
Nxa4 15. Qxa4 Kb8 16. Rc1 Ng7 17. Rc3 Bf5 18. Bxf5 Nxf5 19. Ne5 f6 20. Nxc6+
bxc6 21. Rb3+ Kc7 22. Rc1 Qe4+ 23. Ka1 Ne7 24. f3 Qf5 25. Qxa7+ Kd6 26. Rb7
Rhe8 27. Rxc6+ 1-0

[Event "1. Bl. 0607"]
[Site "?"]
[Date "2007.01.20"]
[Round "6.5"]
[White "Lenz, Alarich"]
[Black "Moser, Guenter"]
[Result "1-0"]
[WhiteElo "2213"]
[BlackElo "2369"]
[PlyCount "61"]
[EventDate "2006.11.03"]
[EventType "team"]
[EventRounds "11"]
[EventCountry "AUT"]
[WhiteTeam "SV Tschaturanga Neubau"]
[BlackTeam "SC Die Klagenfurter"]

1. d4 d5 2. c4 e6 3. Nc3 c6 4. e3 f5 5. g4 fxg4 6. Qxg4 Nh6 7. Qg2 Nf7 8. Bd2
Nd7 9. O-O-O Nf6 10. Bd3 Bd7 11. e4 dxc4 12. Bxc4 b5 13. Bb3 a5 14. Nge2 a4 15.
Bc2 Qb6 16. Be3 b4 17. Nxa4 Rxa4 18. Bxa4 Qa6 19. Bb3 Qxe2 20. Rhg1 Qa6 21. f4
c5 22. dxc5 Bc6 23. Qh3 Bxe4 24. Qxe6+ Qxe6 25. Bxe6 Nd8 26. Bb3 Nb7 27. Ba4+
Kf7 28. c6 Bc5 29. Bb3+ Ke8 30. Bxc5 Nxc5 31. c7 1-0

[Event "1. Bl. 0607"]
[Site "?"]
[Date "2007.01.20"]
[Round "6.1"]
[White "Gyimesi, Zoltan"]
[Black "Ruck, Robert"]
[Result "1/2-1/2"]
[WhiteElo "2611"]
[BlackElo "2531"]
[PlyCount "56"]
[EventDate "2006.11.03"]
[EventType "team"]
[EventRounds "11"]
[EventCountry "AUT"]
[WhiteTeam "Union Ansfelden"]
[BlackTeam "Styria Graz   KlZeitung"]

1. Nf3 Nf6 2. g3 d5 3. Bg2 c6 4. O-O Bf5 5. b3 e6 6. Bb2 Nbd7 7. d3 h6 8. Nbd2
Bc5 9. c4 O-O 10. Qc2 Qe7 11. Ne5 Ba3 12. Ndf3 a5 13. Nxd7 Nxd7 14. Rab1 Bxb2
15. Qxb2 Rfd8 16. Rbc1 Bg4 17. Rfd1 Qf6 18. Qxf6 Nxf6 19. Kf1 Nd7 20. cxd5 exd5
21. h3 Bxf3 22. Bxf3 d4 23. Rc2 Ra6 24. Rdc1 Kf8 25. Bg4 Nf6 26. Bf3 Nd7 27.
Bg4 Nf6 28. Bf3 Nd7 1/2-1/2

[Event "1. Bl. 0607"]
[Site "?"]
[Date "2007.01.20"]
[Round "6.5"]
[White "Stanec, Nikolaus"]
[Black "Wittmann, Walter"]
[Result "1-0"]
[WhiteElo "2504"]
[BlackElo "2316"]
[PlyCount "111"]
[EventDate "2006.11.03"]
[EventType "team"]
[EventRounds "11"]
[EventCountry "AUT"]
[WhiteTeam "Union Ansfelden"]
[BlackTeam "Styria Graz   KlZeitung"]

1. d3 g6 2. g3 Bg7 3. Bg2 c5 4. e4 Nc6 5. Nc3 d6 6. Be3 Rb8 7. Qd2 b5 8. Nge2
Nd4 9. O-O Bg4 10. f3 Bd7 11. Nc1 h5 12. Nd1 b4 13. c3 bxc3 14. bxc3 Qa5 15.
Rf2 Nc6 16. h3 e6 17. Ne2 Nge7 18. f4 d5 19. f5 gxf5 20. exd5 Nxd5 21. Bxd5
exd5 22. Bf4 Rb7 23. Ne3 Be6 24. Bg5 Ne7 25. d4 Rg8 26. Bxe7 Rxe7 27. Kh1 cxd4
28. Nxd4 Bxd4 29. Qxd4 Rxg3 30. Rb1 Qc7 31. Rf4 Rxh3+ 32. Kg2 Rxe3 33. Qxe3 d4
34. Qxd4 Rd7 35. Qe3 Kf8 36. Rfb4 f4 37. Rxf4 Rd3 38. Rxf7+ Qxf7 39. Qxd3 Bd5+
40. Kg1 Qg7+ 41. Kf2 Qf6+ 42. Ke2 Qe5+ 43. Kd1 Bxa2 44. Rb5 Qc7 45. Rxh5 Bb3+
46. Kc1 Bf7 47. Rh8+ Ke7 48. Qe3+ Kf6 49. Ra8 Qh2 50. Qd4+ Kg6 51. Rxa7 Qh1+
52. Qd1 Qh6+ 53. Kb2 Qf4 54. Qd3+ Kh6 55. Ra6+ Kg5 56. Qb5+ 1-0

[Event "1. Bl. 0607"]
[Site "?"]
[Date "2007.01.21"]
[Round "7.1"]
[White "Ruck, Robert"]
[Black "Dizdar, Goran"]
[Result "1/2-1/2"]
[WhiteElo "2531"]
[BlackElo "2541"]
[PlyCount "76"]
[EventDate "2006.11.03"]
[EventType "team"]
[EventRounds "11"]
[EventCountry "AUT"]
[WhiteTeam "Styria Graz   KlZeitung"]
[BlackTeam "SpG Absam / ISK"]

1. Nf3 d5 2. d4 Nf6 3. c4 e6 4. Nc3 Bb4 5. Bg5 h6 6. Bxf6 Qxf6 7. e3 O-O 8. Rc1
dxc4 9. Bxc4 c5 10. O-O cxd4 11. exd4 Rd8 12. Ne4 Qe7 13. Qe2 Nc6 14. Rfd1 Ba5
15. Bb5 Bd7 16. Nc5 Be8 17. d5 exd5 18. Qxe7 Nxe7 19. Nxb7 Rdb8 20. Nxa5 Rxb5
21. Nb3 a5 22. Rd2 a4 23. Nbd4 Rb7 24. Ne5 Rc8 25. Rxc8 Nxc8 26. b3 axb3 27.
axb3 Nd6 28. Nd3 Nb5 29. Nb4 Nxd4 30. Rxd4 Ra7 31. Rd1 Rb7 32. Rd4 Rc7 33. f3
Rc1+ 34. Kf2 Rb1 35. Rd3 Rb2+ 36. Kg1 Rb1+ 37. Kf2 Rb2+ 38. Kg1 Rb1+ 1/2-1/2

[Event "1. Bl. 0607"]
[Site "?"]
[Date "2007.01.21"]
[Round "7.3"]
[White "Shengelia, Davit"]
[Black "Schmittdiel, Eckhard"]
[Result "1/2-1/2"]
[WhiteElo "2523"]
[BlackElo "2413"]
[PlyCount "78"]
[EventDate "2006.11.03"]
[EventType "team"]
[EventRounds "11"]
[EventCountry "AUT"]
[WhiteTeam "Styria Graz   KlZeitung"]
[BlackTeam "SpG Absam / ISK"]

1. d4 f5 2. Nc3 Nf6 3. Bg5 d5 4. Bxf6 exf6 5. e3 Be6 6. Bd3 Nc6 7. Nge2 Qd7 8.
a3 Bd6 9. b3 a6 10. Na4 Qe7 11. c4 Bxa3 12. O-O g6 13. Nf4 dxc4 14. Bxc4 Bxc4
15. bxc4 Bd6 16. Nd5 Qf7 17. Qf3 Rd8 18. Rfb1 O-O 19. c5 Bxh2+ 20. Kxh2 Rxd5
21. Nc3 Rd7 22. Rxb7 Nd8 23. Rb4 c6 24. Rxa6 Ra7 25. Rxa7 Qxa7 26. Rb6 Rf7 27.
Qg3 Kg7 28. Ne2 Rb7 29. Qd6 Rd7 30. Qg3 Rb7 31. Rxb7+ Qxb7 32. Qd6 Nf7 33. Qe6
Qb2 34. Nf4 Qxf2 35. Qxc6 Ng5 36. Nh3 Nxh3 37. Qc7+ Kh6 38. Kxh3 g5 39. Kh2
Qh4+ 1/2-1/2

[Event "1. Bl. 0607"]
[Site "?"]
[Date "2007.01.21"]
[Round "7.4"]
[White "Duer, Werner"]
[Black "Balinov, Ilija"]
[Result "0-1"]
[WhiteElo "2265"]
[BlackElo "2516"]
[PlyCount "86"]
[EventDate "2006.11.03"]
[EventType "team"]
[EventRounds "11"]
[EventCountry "AUT"]
[WhiteTeam "SpG Absam / ISK"]
[BlackTeam "Styria Graz   KlZeitung"]

1. d4 Nf6 2. Nf3 g6 3. c3 Bg7 4. Bg5 h6 5. Bh4 d6 6. Nbd2 g5 7. Bg3 Nh5 8. e4
Nxg3 9. hxg3 Nd7 10. Bd3 e6 11. Qc2 Qe7 12. O-O-O a6 13. Nc4 b6 14. Rhe1 Bb7
15. Kb1 O-O-O 16. Nfd2 h5 17. f3 h4 18. gxh4 Rxh4 19. Ne3 Kb8 20. Qa4 Ka7 21.
Bb5 Nb8 22. d5 Be5 23. dxe6 fxe6 24. Ng4 Bg7 25. Qa3 Qf7 26. Nb3 Rxg4 27. fxg4
Qf4 28. Bd3 Qxg4 29. Re2 Nd7 30. Nd4 Nc5 31. Bb5 Kb8 32. Bc4 b5 33. Nxb5 axb5
34. Bxb5 Bxe4+ 35. Ka1 Bb7 36. Rde1 Be5 37. Re3 Bf4 38. R3e2 Be5 39. Re3 Bxg2
40. Rg1 Qf4 41. Rge1 Rh8 42. c4 Bb7 43. Qb4 Qd4 0-1

[Event "1. Bl. 0607"]
[Site "?"]
[Date "2007.01.21"]
[Round "7.5"]
[White "Wittmann, Walter"]
[Black "Gerhold, Michael"]
[Result "1/2-1/2"]
[WhiteElo "2316"]
[BlackElo "2218"]
[PlyCount "49"]
[EventDate "2006.11.03"]
[EventType "team"]
[EventRounds "11"]
[EventCountry "AUT"]
[WhiteTeam "Styria Graz   KlZeitung"]
[BlackTeam "SpG Absam / ISK"]

1. e4 c5 2. Nf3 Nc6 3. d4 cxd4 4. Nxd4 Nf6 5. Nc3 e5 6. Ndb5 d6 7. Bg5 a6 8.
Na3 b5 9. Nd5 Be7 10. Bxf6 Bxf6 11. c4 b4 12. Nc2 a5 13. Nxf6+ Qxf6 14. Be2 Bb7
15. O-O O-O 16. Qd3 Nd8 17. Bf3 Ra6 18. a3 bxa3 19. Nxa3 Ne6 20. Nb5 Rc8 21. b3
Nc5 22. Qe3 Qf4 23. Rfe1 Qxe3 24. Rxe3 Kf8 25. g3 1/2-1/2

[Event "1. Bl. 0607"]
[Site "?"]
[Date "2007.01.21"]
[Round "7.6"]
[White "Ferrari, Josef"]
[Black "Danner, Georg"]
[Result "0-1"]
[WhiteElo "2150"]
[BlackElo "2421"]
[PlyCount "75"]
[EventDate "2006.11.03"]
[EventType "team"]
[EventRounds "11"]
[EventCountry "AUT"]
[WhiteTeam "SpG Absam / ISK"]
[BlackTeam "Styria Graz   KlZeitung"]

1. d4 e6 2. c4 f5 3. g3 Nf6 4. Bg2 Be7 5. Nh3 d6 6. O-O O-O 7. b3 Qe8 8. Bb2 c6
9. Nd2 a5 10. a3 Na6 11. Qc2 Qh5 12. Nf3 Ne4 13. Nf4 Qf7 14. Nd3 Bf6 15. b4
axb4 16. axb4 Bd7 17. Nd2 d5 18. c5 g5 19. f3 Nxd2 20. Qxd2 Qg7 21. f4 h5 22.
e3 Kf7 23. Kf2 Ke7 24. Bf3 h4 25. Rg1 g4 26. Bg2 Rh8 27. Bc3 Rh5 28. Rh1 Rah8
29. Rad1 R8h7 30. Qa2 Qh8 31. Qa5 hxg3+ 32. hxg3 Rxh1 33. Rxh1 Rxh1 34. b5 Qh2
35. Ne1 Qxg3+ 36. Ke2 Rxe1+ 37. Bxe1 Qxg2+ 38. Kd3 0-1

[Event "1. Bl. 0607"]
[Site "?"]
[Date "2007.01.21"]
[Round "7.1"]
[White "Bischoff, Klaus"]
[Black "Gyimesi, Zoltan"]
[Result "1/2-1/2"]
[WhiteElo "2532"]
[BlackElo "2611"]
[PlyCount "29"]
[EventDate "2006.11.03"]
[EventType "team"]
[EventRounds "11"]
[EventCountry "AUT"]
[WhiteTeam "SC Die Klagenfurter"]
[BlackTeam "Union Ansfelden"]

1. c4 Nf6 2. Nc3 e5 3. Nf3 Nc6 4. d3 Bb4 5. Bd2 O-O 6. e3 a5 7. Be2 d6 8. O-O
Bf5 9. b3 e4 10. Ne1 Ne5 11. dxe4 Nxe4 12. Nxe4 Bxe4 13. f3 Bxd2 14. Qxd2 Bc6
15. Nc2 1/2-1/2

[Event "1. Bl. 0607"]
[Site "?"]
[Date "2007.01.21"]
[Round "7.2"]
[White "Ftacnik, Lubomir"]
[Black "Horvath, Csaba"]
[Result "1/2-1/2"]
[WhiteElo "2582"]
[BlackElo "2538"]
[PlyCount "109"]
[EventDate "2006.11.03"]
[EventType "team"]
[EventRounds "11"]
[EventCountry "AUT"]
[WhiteTeam "Union Ansfelden"]
[BlackTeam "SC Die Klagenfurter"]

1. Nf3 d5 2. d4 Nf6 3. c4 c6 4. e3 Bf5 5. Nc3 e6 6. Nh4 Bg6 7. Nxg6 hxg6 8. Bd2
Nbd7 9. Rb1 Be7 10. c5 a5 11. a3 e5 12. b4 axb4 13. axb4 Qc7 14. g3 O-O 15. Bg2
b5 16. O-O Rfe8 17. Re1 Qb7 18. e4 dxe4 19. Nxe4 exd4 20. Ng5 Nd5 21. Bxd5 cxd5
22. Nf3 Bf6 23. Rxe8+ Rxe8 24. Bg5 Bxg5 25. Nxg5 Ne5 26. Qxd4 Qe7 27. f4 Qxg5
28. Qxe5 Qd8 29. Qd6 Qxd6 30. cxd6 Rd8 31. Rc1 Rxd6 32. Rc8+ Kh7 33. Rc5 d4 34.
Kf1 d3 35. Ke1 d2+ 36. Kd1 Rd4 37. Rxb5 f6 38. Rb8 g5 39. fxg5 fxg5 40. b5 Kg6
41. Rc8 Rb4 42. Rc6+ Kh5 43. Rc5 Rb2 44. h3 Kg6 45. g4 Kh6 46. Ke2 Kg6 47. Rc6+
Kh7 48. b6 Kg8 49. Rg6 Kh7 50. Rxg5 Rxb6 51. Rh5+ Kg8 52. Kxd2 Rb3 53. Ke2 g6
54. Rg5 Kh7 55. h4 1/2-1/2

[Event "1. Bl. 0607"]
[Site "?"]
[Date "2007.01.21"]
[Round "7.4"]
[White "Weiss, Christian"]
[Black "Pilaj, Herwig"]
[Result "0-1"]
[WhiteElo "2469"]
[BlackElo "2373"]
[PlyCount "104"]
[EventDate "2006.11.03"]
[EventType "team"]
[EventRounds "11"]
[EventCountry "AUT"]
[WhiteTeam "Union Ansfelden"]
[BlackTeam "SC Die Klagenfurter"]

1. c4 c5 2. Nf3 Nc6 3. Nc3 e5 4. g3 g6 5. Bg2 Bg7 6. O-O Nge7 7. d3 Rb8 8. Ne1
O-O 9. Nc2 a6 10. Bg5 f6 11. Bd2 b5 12. b3 d6 13. Ne3 Be6 14. Ned5 Bf7 15. e4
Nd4 16. f4 Nxd5 17. cxd5 exf4 18. Bxf4 a5 19. Kh1 Qd7 20. Rc1 Rb6 21. Be3 f5
22. Ne2 Nxe2 23. Qxe2 fxe4 24. dxe4 Rbb8 25. Qd2 a4 26. Bg5 b4 27. h4 Kh8 28.
Kh2 Bg8 29. Bf4 Rfe8 30. Qd3 a3 31. Qa6 Be5 32. Bxe5+ Rxe5 33. Rf6 Rd8 34. Rcf1
Kg7 35. R1f4 Qe7 36. Qf1 Re8 37. Qf3 Qc7 38. Bf1 Rxe4 39. Rxe4 Rxe4 40. Rxg6+
hxg6 41. Qxe4 Qf7 42. h5 Qxf1 43. Qxg6+ Kh8 44. Qh6+ Bh7 45. g4 Qf2+ 46. Kh3
Qf3+ 47. Kh4 Qh1+ 48. Kg3 Qe1+ 49. Kh3 Qh1+ 50. Kg3 Qe1+ 51. Kh3 Qe7 52. Kg3
Kg8 0-1

[Event "1. Bl. 0607"]
[Site "?"]
[Date "2007.01.21"]
[Round "7.1"]
[White "Mikhalchishin, Adrian"]
[Black "Rotstein, Arkadij"]
[Result "1/2-1/2"]
[WhiteElo "2540"]
[BlackElo "2545"]
[PlyCount "41"]
[EventDate "2006.11.03"]
[EventType "team"]
[EventRounds "11"]
[EventCountry "AUT"]
[WhiteTeam "SK Leoben"]
[BlackTeam "SV Tschaturanga Neubau"]

1. Nf3 Nf6 2. c4 b6 3. Nc3 Bb7 4. g3 e6 5. Bg2 Be7 6. O-O O-O 7. d4 Ne4 8. Qc2
Nxc3 9. Qxc3 Bf6 10. b3 d6 11. Bb2 Nd7 12. Qc2 g6 13. Rad1 Bg7 14. e4 Qe7 15.
e5 dxe5 16. Nxe5 Bxg2 17. Kxg2 Nxe5 18. dxe5 Rfd8 19. Rxd8+ Rxd8 20. Rd1 h5 21.
Bc3 1/2-1/2

[Event "1. Bl. 0607"]
[Site "?"]
[Date "2007.01.21"]
[Round "7.2"]
[White "Wukits, Rene"]
[Black "Bokros, Albert"]
[Result "1-0"]
[WhiteElo "2298"]
[BlackElo "2465"]
[PlyCount "91"]
[EventDate "2006.11.03"]
[EventType "team"]
[EventRounds "11"]
[EventCountry "AUT"]
[WhiteTeam "SV Tschaturanga Neubau"]
[BlackTeam "SK Leoben"]

1. d4 e6 2. c4 b6 3. a3 Bb7 4. Nc3 f5 5. d5 Be7 6. g3 Bf6 7. Bd2 Ne7 8. Bg2 O-O
9. Nh3 Na6 10. Qc2 Nc5 11. Rd1 Qe8 12. O-O d6 13. b4 Bxc3 14. Bxc3 Ne4 15. Nf4
Ng5 16. h4 e5 17. hxg5 exf4 18. gxf4 Ng6 19. Qd2 Nh4 20. Qd4 Qg6 21. Bh1 Rae8
22. Rd3 Re4 23. Bxe4 fxe4 24. Rg3 Nf5 25. Qd2 Nxg3 26. fxg3 Bc8 27. Rf2 Bg4 28.
Qe3 Re8 29. Rh2 Re7 30. Rh4 Qf5 31. b5 Qd7 32. Kf2 Bf5 33. Ke1 Bg4 34. Bd4 Bf5
35. Qg1 Bg4 36. Qh2 e3 37. Rxh7 Qf5 38. Rh8+ Kf7 39. Qh7 Qxh7 40. Rxh7 Kg6 41.
Bf6 Rf7 42. Rh4 gxf6 43. Rxg4 Kf5 44. Rh4 Ke4 45. f5+ Kxf5 46. gxf6 1-0

[Event "1. Bl. 0607"]
[Site "?"]
[Date "2007.01.21"]
[Round "7.4"]
[White "Kreindl, Helmut"]
[Black "Kreisl, Robert"]
[Result "1/2-1/2"]
[WhiteElo "2205"]
[BlackElo "2289"]
[PlyCount "38"]
[EventDate "2006.11.03"]
[EventType "team"]
[EventRounds "11"]
[EventCountry "AUT"]
[WhiteTeam "SV Tschaturanga Neubau"]
[BlackTeam "SK Leoben"]

1. d4 d5 2. Bf4 Nf6 3. e3 e6 4. Nf3 c5 5. c3 Nc6 6. Nbd2 Bd6 7. Bg3 O-O 8. Bb5
a6 9. Bxc6 bxc6 10. Ne5 Qc7 11. O-O a5 12. Qf3 a4 13. Rfc1 Nd7 14. Nxd7 Qxd7
15. c4 cxd4 16. exd4 Bxg3 17. hxg3 Ba6 18. cxd5 cxd5 19. Rc5 Qb7 1/2-1/2

[Event "1. Bl. 0607"]
[Site "?"]
[Date "2007.01.21"]
[Round "7.5"]
[White "Schein, Karl Heinz"]
[Black "Lenz, Alarich"]
[Result "0-1"]
[WhiteElo "2241"]
[BlackElo "2213"]
[PlyCount "113"]
[EventDate "2006.11.03"]
[EventType "team"]
[EventRounds "11"]
[EventCountry "AUT"]
[WhiteTeam "SK Leoben"]
[BlackTeam "SV Tschaturanga Neubau"]

1. e4 c5 2. Nf3 e6 3. d3 d5 4. Nbd2 Nc6 5. g3 Bd6 6. Bg2 Nge7 7. O-O O-O 8. Re1
Qc7 9. c3 Bd7 10. Qe2 f6 11. Nh4 b5 12. f4 d4 13. Ndf3 e5 14. f5 Be8 15. Kh1
Bf7 16. g4 h6 17. Rg1 c4 18. Ng6 cxd3 19. Qxd3 Nxg6 20. fxg6 Bc4 21. Qd1 dxc3
22. bxc3 Bc5 23. Re1 Rad8 24. Qc2 Qd7 25. a4 a6 26. axb5 axb5 27. h3 Ne7 28.
Nh4 Qe8 29. Nf5 Nxg6 30. Bf1 Nf4 31. Bxf4 exf4 32. Bxc4+ bxc4 33. Ra4 g6 34.
Rxc4 Qb5 35. Qa2 Kh7 36. Nd4 Bxd4 37. cxd4 Rd7 38. Rb1 Qg5 39. Qa3 Rfd8 40. d5
h5 41. Qf3 hxg4 42. Qxg4 Qxg4 43. hxg4 Kh6 44. Kg2 Kg5 45. Kf3 Rh8 46. Rg1 Rh3+
47. Ke2 Ra7 48. d6 Ra2+ 49. Kd1 Rd3+ 50. Kc1 Ra1+ 51. Kc2 Rxg1 52. Kxd3 Rd1+
53. Ke2 Rxd6 54. Rc1 Rd4 55. Kf3 Rd3+ 56. Kf2 Re3 57. Ra1 0-1

[Event "1. Bl. 0607"]
[Site "?"]
[Date "2007.01.21"]
[Round "7.1"]
[White "Laznicka, Viktor"]
[Black "Kalod, Radek"]
[Result "1-0"]
[WhiteElo "2593"]
[BlackElo "2475"]
[PlyCount "93"]
[EventDate "2006.11.03"]
[EventType "team"]
[EventRounds "11"]
[EventCountry "AUT"]
[WhiteTeam "SK Advisory Invest Baden"]
[BlackTeam "ASVOe Wulkaprodersdorf"]

1. d4 Nf6 2. c4 g6 3. f3 d5 4. cxd5 Nxd5 5. e4 Nb6 6. Nc3 Bg7 7. Be3 e5 8. d5
c6 9. Qd2 cxd5 10. exd5 Nc4 11. Bxc4 Qh4+ 12. g3 Qxc4 13. Bh6 O-O 14. h4 Na6
15. Bxg7 Kxg7 16. h5 Qd4 17. Qe2 g5 18. Rd1 Qb6 19. Qxe5+ f6 20. Qe7+ Rf7 21.
h6+ Kg8 22. Qe8+ Rf8 23. Qe7 Rf7 24. Qe8+ Rf8 25. Qb5 Qe3+ 26. Qe2 Qb6 27. Qb5
Qe3+ 28. Qe2 Qb6 29. d6 Bd7 30. Nd5 Qa5+ 31. Qd2 Qc5 32. Ne7+ Kh8 33. Ne2 Rad8
34. Qd4 Bc6 35. Kf2 g4 36. Nxc6 bxc6 37. Nf4 Rfe8 38. Rh5 Re5 39. Qxc5 Nxc5 40.
b4 Nd7 41. Rxe5 Nxe5 42. Ne6 Rd7 43. Nc5 Rd8 44. f4 Nd7 45. Re1 Kg8 46. Re7 Nb6
47. d7 1-0

[Event "1. Bl. 0607"]
[Site "?"]
[Date "2007.01.21"]
[Round "7.2"]
[White "Likavsky, Tomas"]
[Black "Siebrecht, Sebastian"]
[Result "1-0"]
[WhiteElo "2492"]
[BlackElo "2457"]
[PlyCount "111"]
[EventDate "2006.11.03"]
[EventType "team"]
[EventRounds "11"]
[EventCountry "AUT"]
[WhiteTeam "ASVOe Wulkaprodersdorf"]
[BlackTeam "SK Advisory Invest Baden"]

1. d4 d5 2. c4 c6 3. Nf3 Nf6 4. e3 Bf5 5. Nc3 e6 6. Nh4 Bg6 7. Nxg6 hxg6 8. Bd2
Nbd7 9. Rc1 Bb4 10. Bd3 Qc7 11. g3 dxc4 12. Bxc4 Nb6 13. Be2 e5 14. Qb3 exd4
15. exd4 Bxc3 16. bxc3 Ne4 17. Bf4 Qe7 18. f3 Ng5 19. h4 Ne6 20. Bd2 g5 21. h5
O-O-O 22. Kf2 Rhe8 23. Rhe1 Qf6 24. a4 Re7 25. Rb1 Rde8 26. Kg2 Nf4+ 27. gxf4
Rxe2+ 28. Kf1 Rxe1+ 29. Rxe1 Rxe1+ 30. Kxe1 gxf4 31. Qb4 Nd5 32. Qf8+ Kd7 33.
Qb8 Qh4+ 34. Ke2 Qe7+ 35. Kd3 Ke6 36. Qe5+ Kd7 37. Qxg7 Qe6 38. Qg4 f5 39. Qg7+
Kc8 40. Qe5 Qf7 41. h6 Qh5 42. Qe6+ Kc7 43. Kc2 Qxf3 44. Qe5+ Kb6 45. h7 Ne3+
46. Bxe3 fxe3 47. Qc5+ Ka6 48. Qc4+ b5 49. axb5+ cxb5 50. Qa2+ Kb6 51. h8=Q
Qe2+ 52. Kb3 Qc4+ 53. Kb2 Qe2+ 54. Ka3 b4+ 55. Kb3 Qd1+ 56. Kxb4 1-0

[Event "1. Bl. 0607"]
[Site "?"]
[Date "2007.01.21"]
[Round "7.3"]
[White "Loeffler, Stefan"]
[Black "Polzin, Rainer"]
[Result "0-1"]
[WhiteElo "2448"]
[BlackElo "2470"]
[PlyCount "66"]
[EventDate "2006.11.03"]
[EventType "team"]
[EventRounds "11"]
[EventCountry "AUT"]
[WhiteTeam "SK Advisory Invest Baden"]
[BlackTeam "ASVOe Wulkaprodersdorf"]

1. d4 g6 2. e4 Bg7 3. c4 d6 4. Nc3 Nf6 5. Be2 O-O 6. Bg5 c5 7. d5 h6 8. Bf4 a6
9. Nf3 b5 10. cxb5 axb5 11. Bxb5 Ba6 12. a4 Nbd7 13. O-O Ng4 14. Nd2 Nge5 15.
Qe2 Qa5 16. Bxa6 Qxa6 17. Nb5 g5 18. Bg3 Nb6 19. b3 Qa5 20. Rac1 Qb4 21. f4
gxf4 22. Bxf4 Nbd7 23. Qh5 Nf6 24. Qf5 c4 25. Bxe5 Qxd2 26. Bxf6 Bxf6 27. Rxc4
Qe3+ 28. Kh1 Qxb3 29. Qg4+ Kh8 30. e5 Bxe5 31. Qh4 Bg7 32. Rcf4 Qd3 33. h3 Rxa4
0-1

[Event "1. Bl. 0607"]
[Site "?"]
[Date "2007.01.21"]
[Round "7.5"]
[White "Baumegger, Siegfried"]
[Black "Schweda, Roland"]
[Result "1-0"]
[WhiteElo "2418"]
[BlackElo "2436"]
[PlyCount "137"]
[EventDate "2006.11.03"]
[EventType "team"]
[EventRounds "11"]
[EventCountry "AUT"]
[WhiteTeam "SK Advisory Invest Baden"]
[BlackTeam "ASVOe Wulkaprodersdorf"]

1. c4 Nf6 2. Nc3 d6 3. g3 g6 4. Bg2 Bg7 5. e4 c5 6. Nge2 Nc6 7. O-O O-O 8. d3
a6 9. h3 Rb8 10. a4 Ne8 11. Be3 Nc7 12. d4 cxd4 13. Nxd4 Bd7 14. a5 Nxd4 15.
Bxd4 Bxd4 16. Qxd4 Ne6 17. Qe3 b6 18. axb6 Rxb6 19. e5 dxe5 20. Rfd1 Rd6 21.
Qxe5 Bc8 22. Nd5 Rd7 23. h4 Nc7 24. Ne3 f6 25. Qa5 e6 26. Bc6 Rxd1+ 27. Rxd1
Qe7 28. Bd7 Bxd7 29. Qxc7 Rf7 30. Rd6 f5 31. Rxa6 Qb4 32. Ra8+ Kg7 33. Qe5+ Kh6
34. Qf4+ Kg7 35. Qd4+ Kh6 36. Nc2 Qb3 37. Qf4+ Kg7 38. Qe5+ Kh6 39. Qf4+ Kg7
40. Qe5+ Kh6 41. Nd4 Qd1+ 42. Kh2 f4 43. Rg8 fxg3+ 44. Qxg3 Qc1 45. b4 e5 46.
Ne2 Qd2 47. Qxe5 Bg4 48. f3 Bxf3 49. Qg5+ Qxg5 50. hxg5+ Kxg5 51. Nd4 Bg4 52.
b5 Kh4 53. Ra8 Rf2+ 54. Kg1 Rd2 55. b6 Rb2 56. c5 Kg3 57. Ra3+ Kf4 58. Rb3 Rd2
59. b7 Rd1+ 60. Kf2 Rd2+ 61. Ke1 Rd1+ 62. Kf2 Rd2+ 63. Ne2+ Rxe2+ 64. Kf1 Re8
65. c6 Be2+ 66. Kf2 Bc4 67. Rb4 Re2+ 68. Kf1 Re4+ 69. Rxc4 1-0

[Event "1. Bl. 0607"]
[Site "?"]
[Date "2007.01.21"]
[Round "7.6"]
[White "Volkmann, Friedrich Karl"]
[Black "Sulyok, Michael"]
[Result "1-0"]
[WhiteElo "2418"]
[BlackElo "2233"]
[PlyCount "77"]
[EventDate "2006.11.03"]
[EventType "team"]
[EventRounds "11"]
[EventCountry "AUT"]
[WhiteTeam "ASVOe Wulkaprodersdorf"]
[BlackTeam "SK Advisory Invest Baden"]

1. e4 d6 2. d4 Nf6 3. Nc3 g6 4. Nf3 Bg7 5. Be2 O-O 6. O-O Bg4 7. Be3 Nc6 8. d5
Nb8 9. a4 a5 10. Nd2 Bxe2 11. Qxe2 Re8 12. h3 e6 13. Qb5 b6 14. Qc4 exd5 15.
exd5 Na6 16. Rad1 Nb4 17. Qb3 Qc8 18. Nf3 Qb7 19. Rd2 Re7 20. Rfd1 Rae8 21. Qc4
Ne4 22. Nxe4 Rxe4 23. Qb3 Qc8 24. c3 Na6 25. Qb5 Nb8 26. Nd4 Nd7 27. b4 axb4
28. cxb4 Nf6 29. a5 bxa5 30. bxa5 Nh5 31. a6 f5 32. Ne6 f4 33. Bd4 c6 34. Qb7
Bxd4 35. Rxd4 cxd5 36. Qxc8 Rxc8 37. Rxe4 dxe4 38. a7 Kf7 39. Nc7 1-0

[Event "1. Bl. 0607"]
[Site "?"]
[Date "2007.01.21"]
[Round "7.1"]
[White "Pavasovic, Dusko"]
[Black "Beliavsky, Alexander"]
[Result "1/2-1/2"]
[WhiteElo "2575"]
[BlackElo "2639"]
[PlyCount "27"]
[EventDate "2006.11.03"]
[EventType "team"]
[EventRounds "11"]
[EventCountry "AUT"]
[WhiteTeam "SK KlZtg MPOe Maria Saal"]
[BlackTeam "SpG Holz Dohr   Semriach"]

1. e4 e5 2. Nf3 Nc6 3. d4 exd4 4. Nxd4 Bc5 5. Be3 Qf6 6. c3 Nge7 7. Bc4 Ne5 8.
Be2 Qg6 9. O-O d6 10. Kh1 Qxe4 11. Nd2 Qg6 12. Bh5 Qd3 13. Be2 Qg6 14. Bh5
1/2-1/2

[Event "1. Bl. 0607"]
[Site "?"]
[Date "2007.01.21"]
[Round "7.2"]
[White "Korneev, Oleg"]
[Black "Ragger, Markus"]
[Result "0-1"]
[WhiteElo "2606"]
[BlackElo "2487"]
[PlyCount "94"]
[EventDate "2006.11.03"]
[EventType "team"]
[EventRounds "11"]
[EventCountry "AUT"]
[WhiteTeam "SpG Holz Dohr   Semriach"]
[BlackTeam "SK KlZtg MPOe Maria Saal"]

1. e4 e5 2. Nf3 Nc6 3. Bb5 a6 4. Ba4 Nf6 5. O-O b5 6. Bb3 Bc5 7. a4 Rb8 8. c3
d6 9. d4 Bb6 10. Na3 O-O 11. axb5 axb5 12. Nxb5 Bg4 13. d5 Ne7 14. Bc2 Ng6 15.
h3 Bxh3 16. gxh3 Qd7 17. c4 Qxh3 18. Ng5 Qg3+ 19. Kh1 Qh4+ 20. Kg2 Nf4+ 21.
Bxf4 exf4 22. Nh3 g5 23. Qe2 Ng4 24. Bd1 Ne3+ 25. fxe3 Qg3+ 26. Kh1 Qxh3+ 27.
Kg1 Bxe3+ 28. Rf2 Ra8 29. Ra3 Rxa3 30. bxa3 h5 31. Qf3 Qxf3 32. Bxf3 g4 33. Kg2
Bxf2 34. Kxf2 gxf3 35. Kxf3 Kg7 36. Kxf4 h4 37. e5 h3 38. Kg3 Rh8 39. Kh2 dxe5
40. Nxc7 e4 41. Nb5 e3 42. Nd4 Kf6 43. Nf3 Kf5 44. d6 Ke6 45. c5 Kd5 46. d7
Kxc5 47. Kg3 Kd6 0-1